<?xml version="1.0" encoding="UTF-8"?>
<record
    xmlns:xsi="http://www.w3.org/2001/XMLSchema-instance"
    xsi:schemaLocation="http://www.loc.gov/MARC21/slim http://www.loc.gov/standards/marcxml/schema/MARC21slim.xsd"
    xmlns="http://www.loc.gov/MARC21/slim">

  <leader>00814nmc a2200301 a 4500</leader>
  <controlfield tag="003">AR-BaBNM</controlfield>
  <controlfield tag="005">20251128204851.0</controlfield>
  <controlfield tag="008">226019s1987    ||||||||||||||000 | spa||</controlfield>
  <datafield tag="020" ind1=" " ind2=" ">
    <subfield code="a">950-9086-25-8</subfield>
  </datafield>
  <datafield tag="040" ind1=" " ind2=" ">
    <subfield code="c">AR-BaBNM</subfield>
  </datafield>
  <datafield tag="100" ind1="1" ind2=" ">
    <subfield code="a">Sarmiento, Domingo Faustino</subfield>
    <subfield code="d">1811-1888</subfield>
  </datafield>
  <datafield tag="245" ind1="1" ind2="0">
    <subfield code="a">Educaci&#xF3;n com&#xFA;n</subfield>
  </datafield>
  <datafield tag="250" ind1=" " ind2=" ">
    <subfield code="a">1&#xAA; ed.</subfield>
  </datafield>
  <datafield tag="260" ind1=" " ind2=" ">
    <subfield code="a">Buenos Aires</subfield>
    <subfield code="b">Ediciones Solar</subfield>
    <subfield code="c">1987</subfield>
  </datafield>
  <datafield tag="300" ind1="0" ind2=" ">
    <subfield code="a">183 p.</subfield>
  </datafield>
  <datafield tag="490" ind1=" " ind2="0">
    <subfield code="a">Biblioteca dimensi&#xF3;n argentina</subfield>
  </datafield>
  <datafield tag="500" ind1="0" ind2=" ">
    <subfield code="a">Ap&#xE9;ndice: p. 153-183</subfield>
  </datafield>
  <datafield tag="650" ind1=" " ind2="4">
    <subfield code="a">POLITICA EDUCATIVA</subfield>
  </datafield>
  <datafield tag="650" ind1=" " ind2="4">
    <subfield code="a">ALFABETIZACION</subfield>
  </datafield>
  <datafield tag="650" ind1=" " ind2="4">
    <subfield code="a">ORGANIZACION DE LA EDUCACION</subfield>
  </datafield>
  <datafield tag="650" ind1=" " ind2="4">
    <subfield code="a">ESCUELAS PUBLICAS</subfield>
  </datafield>
  <datafield tag="651" ind1=" " ind2="4">
    <subfield code="a">Argentina</subfield>
  </datafield>
  <datafield tag="653" ind1=" " ind2=" ">
    <subfield code="a">EDUCACION PRIMARIA</subfield>
  </datafield>
  <datafield tag="653" ind1=" " ind2="0">
    <subfield code="a">EDUCACION PUBLICA</subfield>
  </datafield>
  <datafield tag="700" ind1="1" ind2=" ">
    <subfield code="a">Weinberg, Gregorio</subfield>
    <subfield code="e">prologuista</subfield>
  </datafield>
  <datafield tag="942" ind1=" " ind2=" ">
    <subfield code="c">BK</subfield>
  </datafield>
  <datafield tag="998" ind1=" " ind2=" ">
    <subfield code="c">Grace</subfield>
  </datafield>
  <datafield tag="999" ind1=" " ind2=" ">
    <subfield code="c">9111</subfield>
    <subfield code="d">9111</subfield>
  </datafield>
  <datafield tag="952" ind1=" " ind2=" ">
    <subfield code="0">0</subfield>
    <subfield code="1">0</subfield>
    <subfield code="2">ddc</subfield>
    <subfield code="4">0</subfield>
    <subfield code="7">0</subfield>
    <subfield code="a">LPL</subfield>
    <subfield code="b">LPL</subfield>
    <subfield code="d">2025-11-28</subfield>
    <subfield code="l">0</subfield>
    <subfield code="o">37[82][091] SAR</subfield>
    <subfield code="p">098764</subfield>
    <subfield code="r">2025-11-28 20:48:51</subfield>
    <subfield code="w">2025-11-28</subfield>
    <subfield code="y">BK</subfield>
  </datafield>
  <datafield tag="952" ind1=" " ind2=" ">
    <subfield code="0">0</subfield>
    <subfield code="1">0</subfield>
    <subfield code="2">ddc</subfield>
    <subfield code="4">0</subfield>
    <subfield code="7">0</subfield>
    <subfield code="a">LPL</subfield>
    <subfield code="b">LPL</subfield>
    <subfield code="d">2025-11-28</subfield>
    <subfield code="l">0</subfield>
    <subfield code="o">37[82][091] SAR</subfield>
    <subfield code="p">098765</subfield>
    <subfield code="r">2025-11-28 20:48:51</subfield>
    <subfield code="w">2025-11-28</subfield>
    <subfield code="y">BK</subfield>
  </datafield>
  <datafield tag="952" ind1=" " ind2=" ">
    <subfield code="0">0</subfield>
    <subfield code="1">0</subfield>
    <subfield code="2">ddc</subfield>
    <subfield code="4">0</subfield>
    <subfield code="7">0</subfield>
    <subfield code="a">LPL</subfield>
    <subfield code="b">LPL</subfield>
    <subfield code="d">2025-11-28</subfield>
    <subfield code="l">0</subfield>
    <subfield code="o">37[82][091] SAR</subfield>
    <subfield code="p">040225</subfield>
    <subfield code="r">2025-11-28 20:48:51</subfield>
    <subfield code="w">2025-11-28</subfield>
    <subfield code="y">BK</subfield>
  </datafield>
  <datafield tag="952" ind1=" " ind2=" ">
    <subfield code="0">0</subfield>
    <subfield code="1">0</subfield>
    <subfield code="2">ddc</subfield>
    <subfield code="4">0</subfield>
    <subfield code="5">1</subfield>
    <subfield code="7">1</subfield>
    <subfield code="a">LPL</subfield>
    <subfield code="b">LPL</subfield>
    <subfield code="c">CII</subfield>
    <subfield code="d">2025-11-28</subfield>
    <subfield code="l">0</subfield>
    <subfield code="o">37[82][091] SAR</subfield>
    <subfield code="p">047027</subfield>
    <subfield code="r">2025-11-28 20:48:51</subfield>
    <subfield code="w">2025-11-28</subfield>
    <subfield code="y">BK</subfield>
  </datafield>
  <datafield tag="952" ind1=" " ind2=" ">
    <subfield code="0">0</subfield>
    <subfield code="1">0</subfield>
    <subfield code="2">ddc</subfield>
    <subfield code="4">0</subfield>
    <subfield code="5">1</subfield>
    <subfield code="7">1</subfield>
    <subfield code="a">LPL</subfield>
    <subfield code="b">LPL</subfield>
    <subfield code="c">CII</subfield>
    <subfield code="d">2025-11-28</subfield>
    <subfield code="l">0</subfield>
    <subfield code="o">37[82][091] SAR</subfield>
    <subfield code="p">047031</subfield>
    <subfield code="r">2025-11-28 20:48:51</subfield>
    <subfield code="w">2025-11-28</subfield>
    <subfield code="y">BK</subfield>
  </datafield>
</record>
